000
00225nam a22000977a 4500
003
OSt
008
210118b ||||| |||| 00| 0 eng d
082
_a
627.83
_b
SOW/EA
245
_a
Earth and rockfill dam engineering
942
_c
BK
999
_c
16677
_d
16677